|
|
|
|
| LEADER |
01115nam a2200265 i 4500 |
| 003 |
GR-PaULI |
| 005 |
20250328063541.0 |
| 008 |
211112t2018 -uka b 001 1 0 eng d |
| 952 |
|
|
|0 0
|1 0
|2 ddc
|4 0
|6 185_000000000000000_PFE
|7 0
|9 341403
|a PHIL
|b PHIL
|d 2021-11-12
|i 12771
|l 0
|o 185 PFE
|p 025000242384
|r 2021-11-12 00:00:00
|t 1
|w 2021-11-12
|y BK15
|
| 999 |
|
|
|c 195836
|d 195836
|
| 020 |
|
|
|a 9780198779728
|
| 040 |
|
|
|a GR-PaULI
|b gre
|c GR-PaULI
|e AACR2
|
| 041 |
0 |
|
|a eng
|
| 082 |
0 |
4 |
|a 185
|2 23
|
| 100 |
1 |
|
|9 188497
|a Pfeiffer, Christian,
|d 1982-
|e συγγραφέας.
|
| 245 |
1 |
0 |
|a Aristotle's theory of bodies /
|c Christian Pfeiffer.
|
| 260 |
|
|
|a Oxford :
|b Oxford University Press,
|c 2018.
|
| 300 |
|
|
|a x, 230 σ. ;
|c 24 εκ.
|
| 490 |
|
|
|a Oxford Aristotle studies.
|
| 504 |
|
|
|6 Περιλαμβάνει βιβλιογραφία και ευρετήριο.
|
| 600 |
1 |
0 |
|a Αριστοτέλης,
|d 384 π.Χ.-322 π.Χ.
|9 10130
|
| 650 |
|
4 |
|9 84829
|a Ουσία (Φιλοσοφία)
|
| 650 |
|
4 |
|9 168769
|a Μεταφυσική
|x Πρώιμα έργα μέχρι το 1800.
|
| 942 |
|
|
|2 ddc
|c BK15
|
| 998 |
|
|
|c ΚΑΝΕΛΛΟΠΟΥΛΟΥ
|d 2021-11
|